000 00286nam a22001337a 4500
008 170602b xxu||||| |||| 00| 0 eng d
020 _a400175946224
041 _aeng
080 _a93
100 _a17
101 _aSHH
245 _aTHA WAR OVER IRAQ
_cKAPLAN, L.F
942 _2udc
_cBK
999 _c15587
_d15587